01752nam a2200145 4500008001700000020001800017082002200035100003600057245005500093260005600148300002400204440001300228505130200241650006301543861.728.6 SA256p a9789930966273 a861.728.6bSA256p aSauma, Osvaldo (compilación)  aPoesía infantil Conservatorio Castella 1985-1990 aSan José, Costa RicabEdiciones Perro Azul c2019 a300 p. c14 x 21 cm aPoesía tAdrián HiljetAdriano Monge tAida Elena Rodríguez tAlejandra Boza tAlejandra Murillo tAlejandra Reuben tAlejandra Solís tAlonso Solano tAna Catalina Romero tAna Cristina Rojas tAna Francela Leal tAna M. Opazo tAna Merdeces González tAndrea Carrillo tAndrea Collado tAndrea Navarro tBraulio Bonilla tBrenda Azúa tCamila IglesiastCarla Imbriani tCarmen Gloria Opazo tCristina Salazar tDelia Fuster tElena M. Segura tElena Rodríguez tElena Trejos tErnesto Prado tEvelyn Trejos tGabriela Ramírez tGiancarlo Pucci tGrethel Hidalgo tGuiselle Cerdas tGustavo Navarro tHeidi Sulecio tHilda Sánchez Ch tIngrid HesstJonathan Mora tJorge Mondragón tJosué Solís tJuan Carlos Fonseca tJuan Ernesto CastellanostJuan Robalino tJulián Orozco tKarina Corella tKarina Salguero tKatia Garrido tLaura Calderón tLaura Wright tLena Zúñiga tLeonardo Merino tLuis Mariano Piedra tMarcelo Loría tMarcelo Murillo tMaría Amalia Zamora tMaría Montserrat Santana tMarianela Romero tMarisela Navarro tMónica Kelly tNatacha Monestel tNatalia Bonilla tPaula León tShirley Calderón tSindya Cubillo tSiumin Vargas tSonia Ramírez tSophia Crawford tSusana Solano Mesén tTanya MurillotValeria Carballo tXimena Sánchez  xLiteraturaxCosta RicaxPoesía xConservatorio Castella